| 000 | 01325cam a22003497a 4500 | ||
|---|---|---|---|
| 001 | 16484694 | ||
| 005 | 20200421093820.0 | ||
| 008 | 100930s2009 caua 001 0 eng d | ||
| 010 | _a 2010501891 | ||
| 020 | _a9781430223658 (pbk.) | ||
| 020 | _a9781430223665 | ||
| 020 | _a1430223650 (pbk.) | ||
| 035 | _a(OCoLC)ocn436921319 | ||
| 040 |
_aNjBwBT _cJFN _dJFN _dBWX _dOCLCQ _dBTCTA _dDLC |
||
| 042 | _alccopycat | ||
| 050 | 0 | 0 |
_aQA76.73.P22 _bD54 2009 |
| 082 | 0 | 4 |
_a005.13/3 _222 |
| 100 | 1 |
_aDiment, Kieren. _9794 |
|
| 245 | 1 | 4 |
_aThe definitive guide to Catalyst : _bwriting extensible, scalable, and maintainable Perl-based Web applications / _cKieren Diment and Matt S. Trout ; with Eden Cardim, Jay Kuri, and Jess Robinson. |
| 260 |
_aBerkeley, Calif. : _bApress, _c2009. |
||
| 300 |
_axxvii, 331 p. : _bill. ; _c24 cm. |
||
| 490 | 1 | _aThe expert's voice in Web development | |
| 500 | _aIncludes index. | ||
| 520 | _aProvides information on creating Web applications using Perl. | ||
| 650 | 0 |
_aPerl (Computer program language) _919 |
|
| 650 | 7 |
_aPerl (Computer language) _2sears _91525 |
|
| 700 | 1 |
_aTrout, Matt S. _9795 |
|
| 830 | 0 | _aExpert's voice in Web development. | |
| 906 |
_a7 _bcbc _ccopycat _d2 _encip _f20 _gy-gencatlg |
||
| 942 |
_2ddc _cBK |
||
| 999 |
_c146 _d146 |
||